Some graphical puranic texts on Brahma (Record no. 2728)

MARC details
000 -LEADER
fixed length control field 00642 a2200193 4500
010 ## - LIBRARY OF CONGRESS CONTROL NUMBER
LC control number ENG-85470
020 ## - INTERNATIONAL STANDARD BOOK NUMBER
Terms of availability 70.00
035 ## - SYSTEM CONTROL NUMBER
System control number EN-69003
037 ## - SOURCE OF ACQUISITION
Source of stock number/acquisition D.B.Act / Pub
082 14 - DEWEY DECIMAL CLASSIFICATION NUMBER
Classification number 230.1
090 ## - LOCALLY ASSIGNED LC-TYPE CALL NUMBER (OCLC); LOCAL CALL NUMBER (OCLC)
-- 2781
-- 2781
245 1# - TITLE STATEMENT
Title Some graphical puranic texts on Brahma
Statement of responsibility, etc edited by Mohammad Israil Khan
260 ## - PUBLICATION, DISTRIBUTION, ETC. (IMPRINT)
Place of publication, distribution, etc Ghaziabad
Name of publisher, distributor, etc Crescent Publishing House
Date of publication, distribution, etc 1981
270 ## - ADDRESS
Address F / D-56, New Kavinagar
City Ghaziabad (U.P.)
300 ## - PHYSICAL DESCRIPTION
Extent viii, 142 p.
Dimensions 22 cm (Pbk.)
Other physical details photos (B&W)
700 1# - ADDED ENTRY--PERSONAL NAME
Personal name Mohammad Israil Khan
942 ## - ADDED ENTRY ELEMENTS (KOHA)
Institution code [OBSOLETE] dpl
Koha item type English Books
Call number prefix 230.1 / SOM
Holdings
Withdrawn status Lost status Source of classification or shelving scheme Damaged status Not for loan Collection code Home library Current library Source of acquisition Cost, normal purchase price Total Checkouts Full call number Barcode Date last seen Copy number Uniform Resource Identifier Cost, replacement price Price effective from Koha item type
    Dewey Decimal Classification   Not For Loan Non-fiction D.B.Act.Division D.B.Act.Division DBAD/PUB 70.00   230.1 EN-69003 15/09/2008 1 2918 70.00 15/09/2008 English Books

© Delhi Public Library
Hit Counter
free hit counter